000 00671nam a2200265Ia 4500
005 20260121170524.0
008 008 260114s9999 xx 000 0 eng d
020 _a9783319764993
037 _aEBOOK
040 _aCRL
040 _beng
040 _cCRL
041 _2eng
041 _aeng
084 _qCRL
100 _aTessel M. Bauduin, Henrik Johnsson
_91064920
245 4 _aThe Occult in Modernist Art, Literature, and Cinema
260 _bSpringer
260 _bSpringer
260 _c2018
856 _uhttps://link.springer.com/openurl?genre=book&isbn=978-3-319-76499-3
942 _cEBOOK
999 _c1630650
_d1630650